Statistics for Michelle Rodriguez Filmography

Click here to take the quiz!

General Stats

  • This quiz has been taken 31 times
    (5 since last reset)
  • The average score is 13 of 72

Answer Stats

TypeYearName% Correct
Film2009Fast & Furious
100%
Film2001The Fast and the Furious
100%
Film2009Avatar
50%
Film2023Dungeons & Dragons
50%
Film2021F9: The Fast Saga
50%
Film2013Fast & Furious 6
50%
Film2015Fast & Furious 7
50%
Film2023Fast X
50%
Video Game2009James Cameron's Avatar: The Game
50%
Film2002Resident Evil
50%
Film2012Resident Evil: Retribution
50%
Film2003S.W.A.T.
50%
Film2017The Fate of the Furious
50%
Film2018Widows
50%
Short Film20131%ERS
25%
Film2019Alita: Battle Angel
25%
Film2007Battle in Seattle
25%
Film2011Battle: Los Angeles
25%
Film2005BloodRayne
25%
Film2002Blue Crush
25%
Film2004Control
25%
Film2021Crisis
25%
Theme Park Ride2015Fast & Furious: Supercharged
25%
Film2000Girlfight
25%
Film2013inAPPropriate Comedy
25%
Short Film2009Los Bandoleros
25%
Film2010Machete
25%
Film2016Milton's Secret
25%
Film2020She Dies Tomorrow
25%
Film2017Smurfs: The Lost Village
25%
Documentary2020Stuntwomen: The Untold Hollywood Story
25%
Film2016The Assignment
25%
Film2006The Breed
25%
Film2010Trópico de Sangre
25%
Short Film20172031
0%
Film20013 A.M.
0%
Film2008A Cat's Tale
0%
Music Video2001Always on Time
0%
Video Game2012Call of Duty: Black Ops II
0%
Commercial2017Castrol EDGE
0%
Web Series2011CollegeHumor Originals
0%
Music Video2015Confident
0%
Documentary Series2011Curiosity
0%
Commercial2017, 2020Dodge
0%
Video Game2004Driver 3
0%
Video Game2020Fast & Furious Crossroads
0%
Film2008Gardens of the Night
0%
TV Show2012Germany's Next Topmodel
0%
Documentary Series2021Getaway Driver
0%
Video Game2004Halo 2
0%
Music Video2000I Can Do Too
0%
Music Video2002If I Could Fall in Love
0%
TV Show2005-2006Immortal Grand Prix
0%
TV Show2005-2006, 2009, 2010Lost
0%
TV Show2018Martha & Snoop's Potluck Challenge
0%
Music Video2018Nice for What
0%
TV Show2005Punk'd
0%
Web Series2016Riding Shotgun with Michelle Rodriguez
0%
TV Show2015Running Wild with Bear Grylls
0%
Short Film2014Second Act
0%
Documentary Series2017Secret History of Comics
0%
Music Video2015See You Again
0%
TV Show2003Slavi's Show
0%
TV Show2015Super Into
0%
Award Show2010The 2010 World Music Awards
0%
Short Film2018The Limit
0%
Documentary2021The Revolution Generation
0%
Theater1999The Vagina Monologues
0%
TV Show2010Top Gear USA
0%
Video Game2003True Crime: Streets of LA
0%
Documentary2015Unity
0%
TV Documentary2011When Aliens Attack
0%

Score Distribution

Percentile by Number Answered

Percent of People with Each Score

Your Score History

You have not taken this quiz since the last reset